| 000 | 01270nam a2200301 i 4500 | ||
|---|---|---|---|
| 003 | EG-ScBUE | ||
| 005 | 20231026122912.0 | ||
| 008 | 110824s1998 s a f 000 0bara d | ||
| 017 | _a18 / 3119 | ||
| 020 | _a9960916731 | ||
| 040 |
_aEG-ScBUE _bara _erda _cEG-ScBUE _dEG-ScBUE |
||
| 082 | 0 | 4 |
_222 _a297.74092 _bج و هـ |
| 100 | 1 |
_926876 _aجوهري، عبد اللطيف، _eمؤلف. |
|
| 245 | 1 | 0 |
_aمن أعلام الدعاة في أوربا : _bالعلامة الدكتور زكي علي : داعيا نجيبا ، وعالما طبيبا ، وكاتبا أديبا / _cبقلم عبد اللطيف الجوهري. |
| 250 | _aالطبعة الأولى. | ||
| 264 | 1 |
_aجدة، السعودية : _bعالم المعرفة للنشر والتوزيع، _c1998. |
|
| 300 |
_a264 صفحة : _bإيضاحيات ؛ _c24 سم |
||
| 336 |
_2rdacontent _aنص _btxt |
||
| 337 |
_2rdamedia _aبدون وسيط _bn |
||
| 338 |
_2rdacarrier _aمجلد _bnc |
||
| 600 | 1 | 7 |
_2BUEsh _aعلي، زكي، _d1905- |
| 650 | 7 |
_926877 _aالدعوة الإسلامية. _2BUEsh |
|
| 650 | 7 |
_926878 _aالدعوة والدعاة. _2BUEsh |
|
| 650 | 7 |
_926879 _aالإسلام _xدعوة _zأوروبا. _2BUEsh |
|
| 653 | _cAugust2011 | ||
| 655 | _vReading book | ||
| 942 |
_2ddc _cBB |
||
| 999 |
_c15904 _d15904 |
||